| 000 | 00553nam a22001817a 4500 | ||
|---|---|---|---|
| 005 | 20251108172541.0 | ||
| 008 | 250721s9999 xx 000 0 ara d | ||
| 082 | 1 | 4 | _a811.2009/تطا |
| 100 | 1 | _aتطاوي، عبدالله | |
| 245 | 1 | 0 | _aحركة الشعر في ظلال المؤئرات الإسلامية / |
| 264 | 1 |
_aالقاهرة : _bدار غريب، |
|
| 300 | _a275 ص. | ||
| 650 | 1 | 7 | _aالشعر العربي |
| 650 | 1 | 7 | _aالتاريخ الإسلامي |
| 650 | 1 | 7 | _aالنقد الأدبي |
| 942 |
_2ddc _cBK |
||
| 999 |
_c82258 _d82258 |
||